00778nam a2200241Ia 450000100060000000300090000600800410001504000130005604000130006904100130008210000180009510000290011324500540014224500370019625000110023326000090024426000280025326000490028130000590033050001020038965000140049165000310050537691IT-RoPAU130308s9999 xx 000 0 und d aIT-RoPAU cIT-RoPAU aFRANCESE aNocent Adrien gCodice Aut. SPICS: 17359 aApologies dans la celebration eucharistique (Les) bLiturgie et Remission des Peches a1a ed. aROMA bCLV Edizioni Liturgiche c1975 [1° Ed.:1975 - Ed.Ling.Originale:1973] a"18 p. (prefazione: no ; testo: 18 [pagine: 179-196])" aApologie nella celebrazione Eucaristica Problemi Teologici e Apologie forme Liturgiche e Apologie aPENITENZA eCodice materia Spics: 9154